00797nam a2200241Ia 450000500170000000800410001702000240005804000190008204100120010108200160011310000170012924501020014626000540024830000390030263000190034163000210036065000180038165100210039985000100042094200070043099900160043795201020045320221019121244.0131103s9999 xx 000 0 und d a8175541385cRs. 195 aLoreto College aEnglish a153.94bBAR aBarrett, Jim aTest Yourselfb Test your Aptitude, Personality and Motivation and Plan your Career cJim Barrett aNew DelhibKogan Page India Private Limitedc2002 a254pbill,diagrams, charts, tables aCareer Plans  aMotivation Tests aAptitude Test aPersonality Test aLCLIB cBK c2608d53087 00102ddc4070aMAINbMAINd2013-11-04l0o153.94 BAR 43081pB1485r2013-11-04w2013-11-04yBKf